From myth to reason ; the story of the march of mind in the interpretation of nature /

Bibliographic Details
Main Author: Riley, Woodbridge, 1869-1933
Format: Book
Language:English
Published: New York, London : D. Appleton and company, 1926.
Subjects:

MARC

Tag First Indicator Second Indicator Subfields
LEADER 00000cam a2200000 4500
001 in00000023475
005 20151007064440.0
008 720911s1926 nyu 00000 eng u
010 |a  26021755  
035 |a (OCoLC)00403555 
035 |9 AAD9856AM 
040 |c KSU  |d TXA  |d UtOrBLW 
049 |a TXAM  |c [32626] 
050 0 |a Q125  |b .R5 
092 |a 501  |b R57f 
100 1 |a Riley, Woodbridge,  |d 1869-1933. 
245 1 0 |a From myth to reason ;  |b the story of the march of mind in the interpretation of nature /  |c by Woodbridge Riley. 
264 1 |a New York,  |a London :  |b D. Appleton and company,  |c 1926. 
300 |a xii, 327 pages :  |b illustrations ;  |c 21 cm. 
336 |a text  |b txt  |2 rdacontent 
337 |a unmediated  |b n  |2 rdamedia 
338 |a volume  |b nc  |2 rdacarrier 
650 0 |a Science  |x History. 
650 0 |a Science  |x Philosophy. 
999 |a MARS 
999 f f |s 40c88500-3eca-331c-aa98-704ce1dacdb6  |i 71280be4-d296-39c6-ad4a-ee20d4848326  |t 0 
952 f f |p ric  |a Texas A&M University  |b Rellis Campus  |c Joint Library Facility  |d Remote Storage  |t 0  |e Q125 .R5  |h Library of Congress classification  |i unmediated -- volume  |m A14800891490 
998 f f |a Q125 .R5  |t 0  |l Remote Storage